| 000 | 00000nam##2200000za#4500 |
| 001 | 9.606265 |
| 003 | CaOODSP |
| 005 | 20210624212536 |
| 007 | cr ||||||||||| |
| 008 | 150406|1982||||xxc|||||o f|0| 0 fre|d |
| 022 | |a1488-5468 |
| 040 | |aCaOODSP|bfre |
| 043 | |an-cn--- |
| 086 | 1 |aFs97-4/1653F-PDF |
| 110 | 1 |aCanada. |bMinistère des pêches et des océans. |
| 245 | 10|aL'importance des zones littorales pour les ressources halieutiques : |h[ressource électronique]|bmémoire remis au Conseil consultatif de l'énvironnement du Québec / |cpar J.D. Dutil, M. Fortin y Y. Vigneault. |
| 260 | |aQuébec - Québec : |bPêches et Océans Canada |cFévrier 1982. |
| 300 | |a33p.|bfigures, graphiques, références, tableaux |
| 490 | 1 |aRapport manuscrit canadien des sciences halieutiques et aquatiques|x1488-5468|vN° 1653 |
| 500 | |aLe n° de catalogue (Fs97-4/1653) et l'ISNN (0706-6473) de l'édition imprimée ont été incorrectement copiés dans l'édition électronique. |
| 546 | |a(Abstract in English) |
| 590 | |a13-25-Supp|b2013-10-28 |
| 691 | 07|aEaux côtières|2gcpds |
| 691 | 07|aLittoral|2gcpds |
| 691 | 07|aPêcheries|2gcpds |
| 720 | 1 |aVigneault, Y. |
| 720 | 1 |aDutil, J. -D. |
| 720 | 1 |aFortin, M. |
| 830 | #0|aRapport manuscrit canadien des sciences halieutiques et aquatiques,|x1488-5468|vN° 1653|w(CaOODSP)9.501611 |
| 856 | 40|ahttp://publications.gc.ca|qPDF|s3.23 Mo|uhttps://publications.gc.ca/collections/collection_2013/mpo-dfo/Fs97-4-1653-fra.pdf|yN° 1653 |